LEADER 01447nam a2200277 u 4500 001 000000108685 003 CaOOAMICUS 005 20071205143526.0 008 071205s2000 it u000 u ita u 020 $a88-7105-120-3 040 $aPUL$bita$dLDB 100 1 $aNuti, Enrico.$0(OLS)http://pul/name/66606 245 10$aGiuseppe Capograssi (1889-1956): un capitolo del rinnovato diritto naturale :$bimplicazioni teologico-morali per una riflessione sulla coscienza morale /$cEnrico Nuti. 260 $aMilano :$bGlossa ;$aRoma :$bPontificio Seminario Lombardo,$cc2000. 300 $ax, 224 p. ;$c24 cm. 490 1 $aDissertatio.$aSeries Romana ;$v29 504 $aBibliografia p. 205-220. 600 14$aCapograssi, Giuseppe,$d1889-1956.$0(OLS)http://pul/subject/2100 830 0$aDissertatio.$pSeries Romana ;$v29.$0(OLS)http://pul/title/39146 850 $aPUL 852 $aPUL$W1$xSL Diritto Canonico 1$y5$m148 I 29$j123927$qStampati$B122835$CPULBib$Z2$F122835 $H105902 $82 941 1 $a16 996 $6020$a88-7105-120-3$9(OLS)http://pul/number/136489 996 $6245$aGiuseppe Capograssi (1889-1956): un capitolo del rinnovato diritto naturale :$bimplicazioni teologico-morali per una riflessione sulla coscienza morale$9(OLS)http://pul/title/136738 996 $6260$aMilano :$bGlossa$9(OLS)http://pul/publisher/53656 996 $6260$aRoma :$bPontificio Seminario Lombardo$9(OLS)http://pul/publisher/75656 LEADER 01136nam a2200265 a 4500 001 000000175452 003 CaOOAMICUS 005 20220929111528.0 008 220929s2018 it u000 u ita r 020 $a978-88-6894-323-3* 032 $aLibriCat 040 $aPUL$bita 100 1 $aApeciti, Ennio,$csac.,$d1950-$0(OLS)http://pul/name/83818 245 10$aPercorrere la via : $bmeditazioni sulla via cristiana dalle parole di papa Montini / $cEnnio Apeciti. 260 $aMilano :$bCentro Ambrosiano,$c©2018. 300 $a334 p. ;$c22 cm 504 $aBibliografia in nota a pič pagina. 650 4$aVita cristiana.$0(OLS)http://pul/subject/1596 850 $aPUL 852 $aPUL$W1$xSL Religione 3$y85$m248. 84 APEEN 1$j199668$qDDC 21$B204386$CPULBib$Z2$F204386 $H135847 $82 941 1 $a9 996 $6020$a978-88-6894-323-3*$9(OLS)http://pul/number/168847 996 $6245$aPercorrere la via : $bmeditazioni sulla via cristiana dalle parole di papa Montini / $9(OLS)http://pul/title/216901 996 $6260$aMilano :$bCentro Ambrosiano$9(OLS)http://pul/publisher/64424